| 000 | 00336nam a22001337a 4500 | ||
|---|---|---|---|
| 008 | 170302b xxu||||| |||| 00| 0 eng d | ||
| 020 | _a9780323054133 | ||
| 041 | _aeng | ||
| 080 |
_27TH _a616.073 |
||
| 100 | _a6 | ||
| 101 | _aSHM | ||
| 245 |
_aTEXTBOOK OF RADIOGRAPHIC POSITIONING AND RELATED ANATOMY _cBONTRAGER, K.L |
||
| 942 |
_2udc _cBK |
||
| 999 |
_c6604 _d6604 |
||